000 00662nam a22002417a 4500
001 42720
003 UA-OsUOA
005 20210910145243.0
007 ta
008 20061115b un ||||| |||| 00| 0 ukr d
040 _aUA-OsUOA
_brus
_cUA-OsUOA
_dUA-OsUOA
041 _arus
080 _a821.133.1
090 _a821.133.1
_bС79
100 _aСтендаль
245 _aСобрание сочинений в двенадцати томах
260 _aМ.
_bПравда
_c1978
300 _a397 с.
505 _gТ.5
_tАрманс
650 7 _a82 Література. Літературознавство
_2UDC
942 _cBK
_2udc
955 _a3
999 _c328853
_d328853